000 00511cam3a220018100 4500
001 tmp15764007
003 UPRA
005 20190822112635.0
008 951023s1991 xx eng u
035 _a(Sirsi) r44134
035 _a(UPRA)tmp15764007
040 _cUPRA
100 1 _aMower, A. G.
_6A1726.1
245 1 0 _aRegional human rights :
_ba comparative study of the West European and inter-American systems.
260 _c1991.
949 _aKJ605
_wlcc
_i-54625
_mMAIN
_tBOOK
_lON-SHELF
004 44134
999 _c133228
_d133228